| 000 | 00584nam a2200181Ia 4500 | ||
|---|---|---|---|
| 003 | GCL | ||
| 008 | 140319s9999 xx 000 0 ara d | ||
| 040 |
_aGCL / _cGCL |
||
| 082 | 0 | 4 |
_a823.03 _bو ج |
| 100 | 1 | _aعبدالقادر القط | |
| 245 | 1 | 0 |
_aجسر سان لويس رى / _cعبدالقادر القط |
| 700 | 1 | _aوايلدر, ثورنتون | |
| 300 | _a155 ص | ||
| 490 |
_aالهيئة العامة للاستعلامات _v0 |
||
| 650 | 0 | 4 | _aالقصص الامريكية المترجمة |
| 650 | 0 | 4 | _aالادب الامريكى المترجم |
| 942 |
_2ddc _cBK |
||
| 999 |
_c47105 _d47105 |
||